A arte de ser mulher no mundo do futebol (Registo nº 36520)

Detalhes MARC
000 -Etiqueta do registo
Valores 00640nam a2200217 4500
010 ## - Número ISBN
ISBN 9789893350119
021 ## - Número do Depósito Legal
Código do país Portugal
100 ## - Dados gerais de processamento
Dados gerais 20250203 pory50
101 ## - Língua de publicação
Língua Português
102 ## - País de publicação
País Portugal
200 ## - Titulo e menção de responsabilidade
Título próprio A arte de ser mulher no mundo do futebol
Primeira menção de responsabilidade Maria Emília Soares
205 ## - Menção da edição
Edição 1.ª ed.
210 ## - Publicação
Local de publicação [s/l]
Nome do editor Câmara Municipal de Viana do Alentejo
-- Junta de freguesia de Alcáçovas
-- Sport Clube Alcaçovense
Data de publicação [s/d.]
215 ## - Descrição física 
Paginação / Volumes 143 [1] p.
Outras indicações físicas il.
Dimensões 24 cm
606 ## - Nome comum usado como assunto
ID Autoridade 1418
Palavra de ordem Futebol
Subdivisão assunto Fundo local
700 ## - Autor principal
Função Autor
ID Autoridade 6873
Apelido Soares
Nome Maria Emília
801 ## - Fonte de origem
País PT
Regras de catalogação RPC
090 ## - Tipo de documento
Koha biblioitem number (autogenerated) 36520
990 ## - Elementos KOHA
Tipo de documento Livro
994 ## - Estado da catalogação
Situação Completo
Exemplares
Situação do levantamento Situação do extravio Biblioteca de origem Biblioteca de empréstimo Código de barras Cota Permissão de empréstimo Tipo de documento Forma de aquisição
  Completo Biblioteca Municipal de Viana Do Alentejo Biblioteca Municipal de Viana Do Alentejo 0034847 79 SOA Disponível Livro Oferta
  Completo Biblioteca Municipal de Viana Do Alentejo Biblioteca Municipal de Viana Do Alentejo Pólo Aguiar 0034846 79 SOA Disponível Livro Oferta
  Completo Biblioteca Municipal de Viana Do Alentejo Biblioteca Municipal de Viana Do Alentejo Pólo Alcáçovas 0034845 79 SOA Disponível Livro Oferta




Powered by Koha